Apendice a la educacion popular (Record no. 163741)
[ view plain ]
| 000 -LEADER | |
|---|---|
| campo de control de longitud fija | 01248nam a2200229 i 4500 |
| 001 - NÚMERO DE CONTROL | |
| campo de control | 163741 |
| 003 - IDENTIFICADOR DE NÚMERO DE CONTROL | |
| campo de control | ES-MaACL |
| 005 - FECHA Y HORA DE LA ÚLTIMA TRANSACCIÓN | |
| campo de control | 20251012063056.0 |
| 008 - DATOS DE LONGITUD FIJA--INFORMACIÓN GENERAL | |
| campo de control de longitud fija | 931025s1775 sp |||| | spa d |
| 100 1# - ENTRADA PRINCIPAL--NOMBRE DE PERSONA | |
| Nombre de persona | Rodríguez Campomanes, Pedro, |
| Fechas asociadas al nombre | 1723-1803 |
| 9 (RLIN) | 98399 |
| 245 10 - MENCIÓN DEL TÍTULO | |
| Título | Apendice a la educacion popular |
| Resto del título | : parte primera, que contiene las reflexiones, conducentes à entender el origen de los oficios y artes en España durante el siglo pasado, segun lo demostraron los escritores coetáneos que se reimprimen en este apéndice... |
| 260 ## - PUBLICACIÓN, DISTRIBUCIÓN, ETC. | |
| Lugar de publicación, distribución, etc. | En Madrid : |
| Nombre del editor, distribuidor, etc. | en la imprenta de D. Antonio de Sancha, |
| Fecha de publicación, distribución, etc. | 1775. |
| 300 ## - DESCRIPCIÓN FÍSICA | |
| Extensión | LII, [4], 500, [1] p. ; |
| Dimensiones | 8º. |
| 500 ## - NOTA GENERAL | |
| Nota general | Es continuación de "Discurso sobre la educación popular de los artesanos y su fomento, de Pedro Rodríguez Campomanes" |
| 594 ## - Nota al título y mención de responsabilidad | |
| Nota al título y mención de responsabilidad | Autor tomado del prólogo de F. Aguilar Piñal al "Discurso sobre la educación popular" de P. Rodríguez Campomanes, en la edición de Madrid, 1978. |
| 597 ## - NOTA DE DESCRIPCIÓN FÍSICA | |
| NOTA DE DESCRIPCIÓN FÍSICA | Sign.: *-3*8, 4*4, A-Z8, 2A-2H8, 2I4. |
| 650 #4 - PUNTO DE ACCESO ADICIONAL DE MATERIA--TÉRMINO DE MATERIA | |
| Término de materia o nombre geográfico como elemento de entrada | Artesanos- |
| Subdivisión geográfica | España. |
| 9 (RLIN) | 154569 |
| 650 #4 - PUNTO DE ACCESO ADICIONAL DE MATERIA--TÉRMINO DE MATERIA | |
| Término de materia o nombre geográfico como elemento de entrada | Gremios- |
| Subdivisión geográfica | España. |
| 9 (RLIN) | 156366 |
| 650 #4 - PUNTO DE ACCESO ADICIONAL DE MATERIA--TÉRMINO DE MATERIA | |
| Término de materia o nombre geográfico como elemento de entrada | Comercio- |
| Subdivisión geográfica | España- |
| Subdivisión cronológica | S.XVIII. |
| 9 (RLIN) | 154570 |
| 852 ## - LOCALIZACIÓN | |
| Ubicación | ES-MaACL |
| Número de control de estantería | R-524 |
| Nota libre | - Enc. pasta |
| Encuadernación | - G-498-502 |
| Estatus retirado | Estado de pérdida | Estado de daño | No para préstamo | Colección | Biblioteca de origen | Biblioteca actual | Ubicación en estantería | Fecha de adquisición | Total de préstamos | Signatura topográfica completa | Código de barras | Visto por última vez | Precio de reemplazo | Tipo de ítem Koha |
|---|---|---|---|---|---|---|---|---|---|---|---|---|---|---|
| Libros del s. XVIII | Biblioteca del Ateneo de Madrid | Biblioteca del Ateneo de Madrid | Depósito | 17/01/2008 | R-523-27 | 1171595 | 23/02/2023 | 23/02/2023 | Libro impreso antiguo |
